| 000 | 00900nam a22002297a 4500 | ||
|---|---|---|---|
| 005 | 20240530110628.0 | ||
| 008 | 170110s2014 ua g 000 0 ara d | ||
| 017 | _bمصر. دار الكتب | ||
| 040 |
_aEG-CaGPL _cEG-CaGPL |
||
| 082 | 0 | 4 |
_221 _a320.5\ _bف ن |
| 100 | 1 | _aفوكوياما ، فرانسيس | |
| 245 | 1 | 0 |
_aنهاية التاريخ / _cفرانسيس فوكوياما ؛ ترجمة و تعليق حسين الشيخ |
| 260 |
_aالاسكندرية : _bدار المعرفة الجامعية ، _c2014. |
||
| 300 |
_a280 ص. ؛ _c24 سم. |
||
| 650 | 0 | 7 |
_2qrmak _aالاحوال السياسية |
| 650 | 0 | 7 |
_2qrmak _aالليبرالية |
| 650 | 0 | 7 |
_2qrmak _aالديموقراطية |
| 651 | 0 | 7 |
_2qrmak _aالاتحاد السوفيتى _xتفكك |
| 700 | 0 |
_aحسين الشيخ _eمترجم و معلق |
|
| 942 |
_2ddc _cBK |
||
| 999 |
_c63196 _d63196 |
||